<?xml version="1.0" encoding="UTF-8"?>
<record
    xmlns:xsi="http://www.w3.org/2001/XMLSchema-instance"
    xsi:schemaLocation="http://www.loc.gov/MARC21/slim http://www.loc.gov/standards/marcxml/schema/MARC21slim.xsd"
    xmlns="http://www.loc.gov/MARC21/slim">

  <leader>01003nam a2200241 a 4500</leader>
  <controlfield tag="001">BRCA_6015</controlfield>
  <controlfield tag="005">20190320205312.0</controlfield>
  <controlfield tag="008">010411s1922----gw-#######---#000-0#ger-#</controlfield>
  <datafield tag="041" ind1=" " ind2=" ">
    <subfield code="a">ger</subfield>
  </datafield>
  <datafield tag="044" ind1=" " ind2=" ">
    <subfield code="a">gw</subfield>
  </datafield>
  <datafield tag="050" ind1=" " ind2="4">
    <subfield code="a">N40</subfield>
    <subfield code="b">.M85 1922</subfield>
  </datafield>
  <datafield tag="100" ind1="1" ind2=" ">
    <subfield code="a">M&#xFC;ller, Hermann Alexander</subfield>
    <subfield code="d">1814-1894</subfield>
    <subfield code="9">15188</subfield>
  </datafield>
  <datafield tag="245" ind1="1" ind2="0">
    <subfield code="a">Allgemeines K&#xFC;nstler-Lexikon</subfield>
    <subfield code="b">Leben und Werke der ber&#xFC;hmtesten bildenden K&#xFC;nstler</subfield>
    <subfield code="c">vorbereitet von Hermann Alexander M&#xFC;ller ; herausgegeben von Hans Wolfgang Singer.</subfield>
  </datafield>
  <datafield tag="260" ind1=" " ind2=" ">
    <subfield code="a">Frankfurt am Main</subfield>
    <subfield code="b">Literarische Anst. R&#xFC;tten und Loening</subfield>
    <subfield code="c">1922</subfield>
  </datafield>
  <datafield tag="300" ind1=" " ind2=" ">
    <subfield code="a">6 v.</subfield>
    <subfield code="c">24 cm.</subfield>
  </datafield>
  <datafield tag="500" ind1=" " ind2=" ">
    <subfield code="a">Estado f&#xED;sico: presentan lomos desprendidos el v.1, v.3 y v.6</subfield>
  </datafield>
  <datafield tag="500" ind1=" " ind2=" ">
    <subfield code="a">G111</subfield>
  </datafield>
  <datafield tag="501" ind1=" " ind2=" ">
    <subfield code="a">Contenido : v.1. Aachen-Fyt. -- v.2. Gaab-Lezla. -- v.3. Lh&#xE9;rie-Quittry. -- v.4. Raab - Vezzo. -- v.5. Vialle - Zyrlein. -- v.6. Zweiter Nachtrag mit Berichtungen</subfield>
  </datafield>
  <datafield tag="650" ind1="1" ind2="4">
    <subfield code="a">Artistas</subfield>
    <subfield code="v">Diccionarios</subfield>
    <subfield code="9">6076</subfield>
  </datafield>
  <datafield tag="700" ind1="1" ind2=" ">
    <subfield code="a">Singer, Hans Wolfgang</subfield>
    <subfield code="e">Editor</subfield>
    <subfield code="9">7397</subfield>
  </datafield>
  <datafield tag="902" ind1=" " ind2=" ">
    <subfield code="a">GFM</subfield>
  </datafield>
  <datafield tag="942" ind1=" " ind2=" ">
    <subfield code="2">lcc</subfield>
    <subfield code="c">B</subfield>
  </datafield>
  <datafield tag="999" ind1=" " ind2=" ">
    <subfield code="c">5704</subfield>
    <subfield code="d">5704</subfield>
  </datafield>
  <datafield tag="952" ind1=" " ind2=" ">
    <subfield code="0">0</subfield>
    <subfield code="1">0</subfield>
    <subfield code="4">0</subfield>
    <subfield code="7">0</subfield>
    <subfield code="a">BRCA</subfield>
    <subfield code="b">BRCA</subfield>
    <subfield code="d">2011-04-01</subfield>
    <subfield code="i">G111</subfield>
    <subfield code="l">0</subfield>
    <subfield code="o">N40 .M85 1922 (G111)</subfield>
    <subfield code="p">6454</subfield>
    <subfield code="r">2019-03-22 00:00:00</subfield>
    <subfield code="w">2019-03-22</subfield>
    <subfield code="y">B</subfield>
  </datafield>
</record>
